00732nam a2200241 a 4500001001300000003000900013005001700022008004100039020002200080082001600102100002000118245004600138260004000184300000800224500003500232505002000267650003600287700002000323902000800343942000700351952011500358999001700473nice12345678IN_TiNIC20260116014020.0050524s2000 jeda grp 000 0 eng  a0340557 c9900a347.09bMAC aMacdonald, John aSuccessfully Resolving Conflict in a Week aJeddahbHodder and Stoughton c2000 a93p aincludes index and biblioraphy2 aGlossary, Index aConflict Resolution-Arbitration1 aMacdonald, John bSRS cBK 001040708StackRoom-aHMIbHMId2007-10-23g99.00l0o347.09 MACp020704r2007-10-23v99.00w2005-05-24yBK c13507d13507